Icelandic Regions and Capitals - Statistics

General Stats
  • This quiz has been taken 37 times
  • The average score is 9 of 16
Answer Stats
Region % Correct
Capital
86%
Reykjavík
82%
Akureyri
73%
Eastern
68%
Southern
68%
Western
68%
Westfjords
59%
Egilsstaðir
55%
Selfoss
55%
Ísafjörður
45%
Northeastern
45%
Northwestern
45%
Keflavík
41%
Borgarnes
32%
Sauðárkrókur
32%
Southern Peninsula
27%
No matching quizzes found
Score Distribution
Percent of People with Each Score
Percentile by Number Answered
Your Score History
You have not taken this quiz